[Event "III TSz o Puchar Prezesa Fundacji na Rzecz Kultury Fizycznej i Sportu"]
[Site "Kolbuszowa"]
[Date "1899-12-30"]
[Round "3.3"]
[White "Polok, Rafal"]
[Black "Bojczewski, Rafal"]
[Result "1-0"]
[WhiteTitle "I++"]
[BlackTitle "I+"]
[WhiteElo "2075"]
[BlackElo "1768"]

1. e4 e5 2. Nf3 Nc6 3. Bb5 a6 4. Ba4 Nf6 5. Qe2 b5 6. Bb3 d6 7. c3 Bg4 8. d3 Be7
9. Nbd2 O-O 10. h3 Bxf3 11. Qxf3 Na5 12. Bc2 c5 13. Nf1 Kh8 14. g4 d5 15. Ne3
dxe4 16. dxe4 Re8 17. Nf5 Bf8 18. Bg5 Re6 19. h4 Qb6 20. h5 b4 21. Bd2 Rd8 22.
g5 Ng8 23. Ne3 Red6 24. Nd5 Qb7 25. b3 c4 26. cxb4 cxb3 27. axb3 Nc6 28. Bc3 Re6
29. Ra4 Na7 30. Qf5 Rde8 31. Bd3 Nb5 32. Bb2 Nd4 33. Qh3 Ne7 34. Bc4 Rd6 35. Qd3
Nxd5 36. Bxd5 Qc7 37. h6 Qe7 38. hxg7+ Bxg7 39. Qg3 Rg6 40. Rh5 Rd8 41. Qh4 h6
42. Kf1 Nf3 43. Qg3 Nxg5 44. Qd3 Qf6 45. Ra5 Nf3 46. Rf5 Nh2+ 47. Ke2 Qe7 48.
Rxf7 Qxf7 49. Bxf7 Rxd3 50. Kxd3 Rf6 51. Bc4 Rxf2 52. Bxe5 Bxe5 53. Rxe5 Rf6 54.
Re6 Kg7 55. Rxf6 Kxf6 56. Kd4 h5 57. Bxa6 1-0

[Event "III TSz o Puchar Prezesa Fundacji na Rzecz Kultury Fizycznej i Sportu"]
[Site "Kolbuszowa"]
[Date "1899-12-30"]
[Round "3.4"]
[White "Babiarz, Arkadiusz"]
[Black "Wiejaczka, Bartlomiej"]
[Result "0-1"]
[WhiteTitle "I++"]
[BlackTitle "I"]
[WhiteElo "1837"]
[BlackElo "2022"]

1. e4 c5 2. c3 Nf6 3. e5 Nd5 4. Nf3 d6 5. d4 cxd4 6. cxd4 Nc6 7. Bd2 e6 8. Nc3
Nxc3 9. Bxc3 Be7 10. Bd3 dxe5 11. dxe5 Bd7 12. a3 a6 13. O-O Bc5 14. b4 Bb6 15.
Rc1 Ne7 16. Ng5 Bb5 17. Bxb5+ axb5 18. Ne4 O-O 19. Nd6 Rxa3 20. Nxb5 Ra2 21. Nd6
Qd7 22. Ra1 Rxa1 23. Qxa1 Nd5 24. Bd4 Bc7 25. Rc1 Bxd6 26. exd6 f6 27. Qa3 Rd8
28. g3 Qxd6 29. Bc5 Qd7 30. Qa5 Rc8 31. Ra1 Qc6 32. Qa4 Qxa4 33. Rxa4 b6 34. Be3
Nxe3 35. fxe3 Rc1+ 36. Kf2 Rb1 37. Kf3 Kf7 38. Ra7+ Kg6 39. Re7 e5 40. h4 h5 41.
g4 hxg4+ 42. Kxg4 Rxb4+ 43. Kg3 Re4 44. Rb7 Rxe3+ 45. Kg4 Re4+ 46. Kf3 Rxh4 0-1

[Event "III TSz o Puchar Prezesa Fundacji na Rzecz Kultury Fizycznej i Sportu"]
[Site "Kolbuszowa"]
[Date "1899-12-30"]
[Round "3.5"]
[White "Bojczewski, Mateusz"]
[Black "Dziewonski, Dariusz"]
[Result "1-0"]
[WhiteTitle "I+"]
[BlackTitle "I"]
[WhiteElo "1797"]
[BlackElo "1707"]

1. e4 c5 2. Nf3 e6 3. d4 cxd4 4. Nxd4 a6 5. a3 Nf6 6. Nc3 Qc7 7. Be2 b5 8. Be3
b4 9. axb4 Bxb4 10. Qd3 Bxc3+ 11. Qxc3 Qxc3+ 12. bxc3 Nxe4 13. Nb5 O-O 14. Nc7
Bb7 15. Nxa8 Bxa8 16. Bf3 Bc6 17. Ra3 f5 18. O-O Rc8 19. Be2 Bd5 20. Rb1 e5 21.
f3 Nd6 22. Bxa6 Nxa6 23. Rxa6 Nc4 24. Ba7 e4 25. fxe4 Bxe4 26. Rc1 d5 27. Bd4
Rc7 28. Rca1 g6 29. Ra7 Rf7 30. Ra8+ Rf8 31. Rxf8+ Kxf8 32. Ra7 h5 33. h4 Bxc2
34. Ra6 f4 35. Ra7 Be4 36. Kf2 Nd2 37. Bc5+ Ke8 38. Bd6 Bf5 39. Bxf4 Ne4+ 40.
Ke3 Nxc3 41. Rb7 Ne4 42. Kd4 Nf2 43. Bg5 Be4 44. g3 Nh1 45. Bf4 Nf2 46. Ra7 Nd3
47. Bg5 Kf8 48. Ra3 Nb2 49. Ra7 Nd3 50. Rc7 Ke8 51. Rc3 Nb4 52. Ke5 Kd7 53. Rb3
Nd3+ 54. Kf6 Kc6 55. Be3 Ne1 56. Rb6+ Kc7 57. Re6 Bf5 58. Bf4+ Kd7 59. Rxe1 Kc7
60. Re6+ Kc6 1-0

[Event "III TSz o Puchar Prezesa Fundacji na Rzecz Kultury Fizycznej i Sportu"]
[Site "Kolbuszowa"]
[Date "1899-12-30"]
[Round "3.6"]
[White "Kretowicz, Piotr"]
[Black "Mazurek, Maja"]
[Result "1-0"]
[WhiteTitle "I"]
[BlackTitle "I"]
[WhiteElo "1768"]
[BlackElo "1231"]

1. e4 d5 2. exd5 Qxd5 3. Nc3 Qd6 4. d4 Nf6 5. Nf3 c6 6. Be2 Bf5 7. O-O e6 8. Re1
Qc7 9. Bd3 Bg4 10. h3 Bh5 11. Qe2 Bd6 12. Ne4 Nbd7 13. c3 O-O 14. Nxd6 Qxd6 15.
Qe3 Rad8 16. g4 Bg6 17. Bxg6 fxg6 18. Ne5 Nd5 19. Qg3 Nxe5 20. Rxe5 Qe7 21. Bg5
Nf6 22. Rae1 Rd6 23. R5e2 Qf7 24. Bxf6 Rd5 25. Be5 Rb5 26. b4 Rd5 27. c4 Rd7 28.
c5 Rd5 29. Bd6 Re8 30. Re4 b6 31. Rf4 Qd7 32. Rfe4 bxc5 33. bxc5 h6 34. Qe3 Kf7
35. Rb1 a6 36. Rb8 Rxb8 37. Bxb8 Qb7 38. Qf4+ Ke7 39. Bd6+ Kd7 40. Qf7+ Kc8 41.
Qe8# 1-0

[Event "III TSz o Puchar Prezesa Fundacji na Rzecz Kultury Fizycznej i Sportu"]
[Site "Kolbuszowa"]
[Date "1899-12-30"]
[Round "3.7"]
[White "Zieba, Hubert"]
[Black "Gluch, Pawel"]
[Result "0-1"]
[WhiteTitle "I"]
[BlackTitle "I"]
[WhiteElo "1414"]
[BlackElo "1754"]

1. c4 Nf6 2. g3 g6 3. Bg2 Bg7 4. Nc3 O-O 5. Nf3 d6 6. O-O e5 7. b3 Nc6 8. Bb2 Re8
9. a3 a5 10. d3 e4 11. dxe4 Nxe4 12. Qc2 Nxc3 13. Bxc3 Bf5 14. Qb2 Bxc3 15. Qxc3
Rxe2 16. Rfe1 Rc2 17. Qe3 Qf6 18. Rec1 Rxc1+ 19. Rxc1 Bd7 20. c5 dxc5 21. Qxc5
Qb2 22. Ng5 h6 23. Ne4 b6 24. Qc3 Qxc3 25. Nxc3 Rd8 26. Nd5 Ne5 27. Rxc7 Be6 28.
Rc1 Rxd5 29. Bxd5 Bxd5 30. h3 Bxb3 31. Rb1 a4 32. f4 Nc4 33. Kf2 Nxa3 34. Re1
Nc4 35. f5 gxf5 36. g4 fxg4 37. h4 a3 0-1

[Event "III TSz o Puchar Prezesa Fundacji na Rzecz Kultury Fizycznej i Sportu"]
[Site "Kolbuszowa"]
[Date "1899-12-30"]
[Round "3.8"]
[White "Mirowska, Oliwia"]
[Black "Lenart, Jakub"]
[Result "1-0"]
[WhiteTitle "I++"]
[BlackTitle "II"]
[WhiteElo "1724"]
[BlackElo "1360"]

1. f4 d5 2. Nf3 c5 3. g3 Nf6 4. Bg2 Nc6 5. d3 Bf5 6. c3 e6 7. O-O Be7 8. Qe1 d4
9. Na3 O-O 10. Nc4 b5 11. Nce5 Rc8 12. Nxc6 Rxc6 13. Nxd4 cxd4 14. Bxc6 dxc3 15.
bxc3 Qb6+ 16. Qf2 Qxc6 17. Bd2 Bh3 18. Rfd1 Rd8 19. d4 Qc4 20. Be1 b4 21. cxb4
Ng4 22. Qf3 Rxd4 23. Rdc1 Qd5 24. Rc8+ Bd8 25. Qxd5 Rxd5 26. b5 Kf8 27. e4 Rd3
28. Ba5 Ke7 29. Bxd8+ Rxd8 30. Rxd8 Kxd8 31. Rc1 Nf6 32. e5 Nd5 33. a4 Bf5 34.
Kf2 Bd3 35. Ke1 Be4 36. Kd2 Nc7 37. Ke3 Bd5 38. Rc5 Kc8 39. a5 Kb7 40. g4 Bb3
41. f5 Ba4 42. a6+ Kb8 43. fxe6 fxe6 44. b6 axb6 45. a7+ Kxa7 46. Rxc7+ Ka6 47.
Rxg7 Bc2 48. Kd2 Be4 49. Re7 Bf3 50. g5 Be4 51. Rxe6 Kb5 52. Kc3 Kc5 53. Rd6 b5
54. h4 b4+ 55. Kb2 Bg6 56. Rd8 Bf5 57. h5 1-0

[Event "III TSz o Puchar Prezesa Fundacji na Rzecz Kultury Fizycznej i Sportu"]
[Site "Kolbuszowa"]
[Date "1899-12-30"]
[Round "3.13"]
[White "Marciniak, Leonard"]
[Black "Tomkowicz, Kamil"]
[Result "1-0"]
[WhiteTitle "II+"]
[BlackTitle "II"]
[WhiteElo "1740"]
[BlackElo "1402"]

1. Nf3 Nf6 2. g3 g6 3. Bg2 Bg7 4. O-O O-O 5. c4 c5 6. Nc3 Nc6 7. e4 e5 8. d3 d6
9. Nd5 Nxd5 10. cxd5 Ne7 11. Ne1 f5 12. f4 b5 13. Qc2 Bd7 14. Nf3 Rc8 15. fxe5
dxe5 16. Be3 c4 17. d6 Nc6 18. dxc4 Nd4 19. Bxd4 Rxc4 20. Bc3 Qb6+ 21. Kh1 b4
22. Qb3 Be6 23. Ng5 bxc3 24. Nxe6 Rb4 25. Qxc3 1-0

[Event "III TSz o Puchar Prezesa Fundacji na Rzecz Kultury Fizycznej i Sportu"]
[Site "Kolbuszowa"]
[Date "1899-12-30"]
[Round "3.14"]
[White "Nowakowski, Jacek"]
[Black "Kusiak, Mateusz"]
[Result "0-1"]
[WhiteTitle "I"]
[BlackTitle "II"]
[WhiteElo "1674"]
[BlackElo "1472"]

1. c4 e5 2. Nc3 Nf6 3. d3 d5 4. Bg5 Bb4 5. cxd5 Qxd5 6. Bxf6 gxf6 7. Qa4+ Nc6 8.
a3 Bxc3+ 9. bxc3 Bd7 10. Qc2 Rg8 11. e4 Qc5 12. Ne2 O-O-O 13. Qb2 Be6 14. Ng3
Rg5 15. Rb1 Na5 16. Qb4 Qb6 17. Qxb6 axb6 18. Be2 Nb3 19. Rb2 Nc5 20. Rd2 h5 21.
h4 Rg6 22. Kf1 Rxg3 23. fxg3 Nxe4 24. Ke1 Nxd2 25. Kxd2 Rg8 26. Bxh5 Rxg3 27.
Bf3 Bg4 28. Ke2 Rxg2+ 29. Ke3 Rg3 30. Rf1 f5 31. d4 e4 32. Kf4 Rxf3+ 33. Rxf3
Bxf3 34. Kxf5 e3 35. Kf4 e2 36. Kxf3 e1=Q 0-1

[Event "III TSz o Puchar Prezesa Fundacji na Rzecz Kultury Fizycznej i Sportu"]
[Site "Kolbuszowa"]
[Date "1899-12-30"]
[Round "3.15"]
[White "Labedz, Dawid"]
[Black "Fic, Wieslaw"]
[Result "0-1"]
[WhiteTitle "II"]
[BlackTitle "I+"]
[WhiteElo "1395"]
[BlackElo "1798"]

1. e4 c5 2. Nf3 d6 3. d4 cxd4 4. Nxd4 Nf6 5. Nc3 g6 6. Be3 Bg7 7. f3 O-O 8. Bc4
Nc6 9. Qd2 Bd7 10. O-O-O Rb8 11. h4 Ne5 12. Bb3 b5 13. h5 Nc4 14. Bxc4 bxc4 15.
Bh6 Qb6 16. b3 cxb3 17. Nxb3 Bh8 18. hxg6 Rfc8 19. Nd5 Nxd5 20. gxf7+ Kxf7 21.
Qxd5+ Be6 22. Qh5+ Kg8 23. Bg5 Rxc2+ 24. Kxc2 Bxb3+ 25. axb3 Rc8+ 26. Kd2 Qf2+
27. Kd3 Rc3# 0-1

[Event "III TSz o Puchar Prezesa Fundacji na Rzecz Kultury Fizycznej i Sportu"]
[Site "Kolbuszowa"]
[Date "1899-12-30"]
[Round "3.16"]
[White "Kryzia, Wiktor"]
[Black "Peret, Ryszard"]
[Result "0-1"]
[WhiteTitle "II"]
[BlackTitle "I"]
[WhiteElo "1603"]
[BlackElo "1588"]

1. e4 e5 2. Nf3 Nf6 3. Nxe5 d6 4. Nf3 Nxe4 5. d4 d5 6. Bd3 Bd6 7. O-O O-O 8. Re1
Re8 9. c4 c6 10. Nc3 Nxc3 11. Rxe8+ Qxe8 12. bxc3 dxc4 13. Bxc4 Bg4 14. Be3 Nd7
15. h3 Bh5 16. d5 c5 17. Be2 Bxf3 18. Bxf3 Qe5 19. Qc1 Qh2+ 20. Kf1 Re8 21. g3
Qxh3+ 22. Bg2 Qg4 23. Qd1 Qc4+ 24. Qe2 Qxc3 25. Re1 Nf6 26. Qb5 Qb4 27. Qxb4 cxb4
28. Bxa7 Rxe1+ 29. Kxe1 Kf8 30. Kd2 Ke7 31. Kd3 Kd7 32. Kc4 Kc7 33. Bd4 Ne8 34.
Bc5 f5 35. Bxb4 Bxb4 36. Kxb4 b6 37. Kc4 Nf6 38. Kd4 Nd7 39. f4 g6 40. Bf3 Kd6
41. g4 fxg4 42. Bxg4 Nf6 43. Be6 h6 44. a4 g5 45. fxg5 hxg5 46. Kc4 Ne8 47. Kb5
Kc7 48. Kc4 Nd6+ 49. Kd4 Nb7 50. Ke5 Nc5 51. d6+ Kd8 52. Bg4 Nxa4 53. Kd5 b5 54.
Kc6 Nc3 0-1

[Event "III TSz o Puchar Prezesa Fundacji na Rzecz Kultury Fizycznej i Sportu"]
[Site "Kolbuszowa"]
[Date "1899-12-30"]
[Round "4.1"]
[White "Polok, Rafal"]
[Black "Mika, Tomasz"]
[Result "0-1"]
[WhiteTitle "I++"]
[BlackTitle "I++"]
[WhiteElo "2075"]
[BlackElo "2184"]

1. e4 c5 2. Nc3 Nc6 3. Nf3 d6 4. d4 cxd4 5. Nxd4 Nf6 6. Be2 e5 7. Nb3 h6 8. Nd5
Nxe4 9. O-O Be6 10. Be3 Be7 11. f4 O-O 12. f5 Bxd5 13. Qxd5 Nf6 14. Qf3 d5 15.
Rad1 Qc7 16. g4 d4 17. Bc1 Nh7 18. Qg3 Rac8 19. h4 Qd8 20. g5 hxg5 21. hxg5 Nxg5
22. Nc5 Bf6 23. Bxg5 Bxg5 24. Ne4 Bf6 25. Rf2 Re8 26. Rh2 Nb4 27. Bb5 d3 28. Bxe8
Qd4+ 29. Nf2 dxc2 30. Bxf7+ Kxf7 31. Qb3+ Qc4 32. Rd7+ Ke8 33. Qa4 b5 34. Qxa7
c1=Q+ 35. Rd1 Qxd1+ 36. Nxd1 Qd4+ 0-1

[Event "III TSz o Puchar Prezesa Fundacji na Rzecz Kultury Fizycznej i Sportu"]
[Site "Kolbuszowa"]
[Date "1899-12-30"]
[Round "4.2"]
[White "Pulik, Krzysztof"]
[Black "Bojczewski, Mateusz"]
[Result "1-0"]
[WhiteTitle "k"]
[BlackTitle "I+"]
[WhiteElo "2128"]
[BlackElo "1797"]

1. e4 c6 2. d4 d5 3. exd5 cxd5 4. c4 Nf6 5. Nc3 g6 6. Nf3 Bg7 7. Be2 O-O 8. O-O
Nc6 9. Be3 Be6 10. c5 Bg4 11. Rc1 Rc8 12. a3 Ne4 13. b4 Nxc3 14. Rxc3 a6 15. Rd3
Bxf3 16. Bxf3 e6 17. Qd2 b6 18. Rc1 bxc5 19. Rxc5 Qb6 20. Be2 Ne7 21. Rdc3 Rxc5
22. Rxc5 Nc6 23. Qc3 Na7 24. a4 Rb8 25. Bf4 e5 26. Bxe5 Bxe5 27. dxe5 Rd8 28.
g3 d4 29. Qc4 d3 30. Bxd3 Rf8 1-0

[Event "III TSz o Puchar Prezesa Fundacji na Rzecz Kultury Fizycznej i Sportu"]
[Site "Kolbuszowa"]
[Date "1899-12-30"]
[Round "4.4"]
[White "Meers, Hubert"]
[Black "Gluch, Pawel"]
[Result "1/2-1/2"]
[WhiteTitle "I+"]
[BlackTitle "I"]
[WhiteElo "1910"]
[BlackElo "1754"]

1. e4 e6 2. d4 d5 3. Nd2 dxe4 4. Nxe4 Nd7 5. Nf3 Ngf6 6. Ng3 c5 7. dxc5 Bxc5 8.
Bd3 O-O 9. O-O b6 10. b3 Bb7 11. Bb2 Qc7 12. Ng5 h6 13. N5e4 Be7 14. Qe2 Ne5 15.
Nxf6+ Bxf6 16. Bxe5 Qxe5 17. Qxe5 Bxe5 18. Rad1 Rac8 19. Rfe1 Bc3 20. Re3 Rfd8
21. Ne2 Bf6 22. Ng3 Ba6 23. Ne4 Bxd3 24. Nxf6+ gxf6 25. Rexd3 Rxd3 26. cxd3 Rc2
27. Ra1 Rd2 28. Kf1 Rxd3 29. Ke2 Rd5 30. Rc1 Rd7 31. Rc8+ Kg7 32. Ke3 f5 33. f4
Kg6 34. Rg8+ Kh7 35. Rc8 Kg6 36. Rg8+ Kh7 37. Rc8 Kg6 38. Rg8+ 1/2-1/2

[Event "III TSz o Puchar Prezesa Fundacji na Rzecz Kultury Fizycznej i Sportu"]
[Site "Kolbuszowa"]
[Date "1899-12-30"]
[Round "4.5"]
[White "Mirowska, Oliwia"]
[Black "Babiarz, Arkadiusz"]
[Result "0-1"]
[WhiteTitle "I++"]
[BlackTitle "I++"]
[WhiteElo "1724"]
[BlackElo "1837"]

1. c4 c5 2. Nc3 e6 3. Nf3 Nc6 4. g3 d5 5. cxd5 exd5 6. d4 Nf6 7. Bg2 h6 8. O-O
Be7 9. Be3 Ng4 10. Bf4 Be6 11. h3 Nf6 12. Be3 c4 13. Rc1 O-O 14. Kh2 Qa5 15. Ne1
b5 16. a3 Rad8 17. f4 Bf5 18. Bf2 Ne4 19. Nxe4 Bxe4 20. Bxe4 dxe4 21. Nc2 f5 22.
Be1 Qa4 23. Bc3 Bf6 24. Qd2 Rf7 25. e3 Ne7 26. Bb4 Nd5 27. Rfe1 Rc8 28. Bc5 Rd7
29. Nb4 a5 30. Nxd5 Rxd5 31. Qe2 Rc7 32. Qh5 Kh7 33. Qe8 Qb3 34. Re2 b4 35. axb4
axb4 36. Qb8 Rcxc5 37. dxc5 Qd3 38. Rcc2 b3 39. Rcd2 Qxd2 40. Rxd2 Rxd2+ 41. Kg1
c3 42. bxc3 b2 43. c6 Bd8 44. Qb3 Re2 45. Kf1 Rh2 46. Kg1 Re2 47. Kf1 Rh2 48.
Kg1 Rd2 49. Kf1 Rh2 50. Kg1 Rd2 51. Kf1 Bc7 52. Kg1 Bd6 53. Kf1 Rh2 54. Kg1 Rd2
55. Kf1 Kh8 56. g4 g5 57. gxf5 gxf4 58. exf4 e3 59. Ke1 Rh2 60. Qb7 b1=Q+ 0-1

[Event "III TSz o Puchar Prezesa Fundacji na Rzecz Kultury Fizycznej i Sportu"]
[Site "Kolbuszowa"]
[Date "1899-12-30"]
[Round "4.6"]
[White "Bojczewski, Rafal"]
[Black "Mroz, Lena"]
[Result "1-0"]
[WhiteTitle "I+"]
[BlackTitle "I++"]
[WhiteElo "1768"]
[BlackElo "1636"]

1. e4 c5 2. Nf3 Nc6 3. d4 cxd4 4. Nxd4 Qb6 5. Nb3 Nf6 6. Nc3 e6 7. a3 Be7 8. Be2
O-O 9. O-O Rd8 10. Bf4 d6 11. Bd3 a6 12. Be3 Qc7 13. Na4 Nd7 14. f4 b5 15. Nc3
Bb7 16. Qf3 Rac8 17. Rad1 Ba8 18. Qg3 Rb8 19. f5 Nce5 20. Nd4 Nc5 21. fxe6 Nxe6
22. Nf5 Bf8 23. Be2 Kh8 24. Nd4 Nc5 25. Bd3 b4 26. axb4 Rxb4 27. Rb1 Rdb8 28.
Nf5 Ncxd3 29. cxd3 Rxb2 30. Rbc1 Qd7 31. Bd4 f6 32. Nd5 R2b7 33. Rc2 Rc8 34. Nb6
Rxb6 35. Rxc8 Qxc8 36. Bxb6 Qc6 37. Bf2 a5 38. d4 Nf7 39. Re1 a4 40. d5 Qa6 41.
Ra1 Ng5 42. Qe3 Bb7 43. Nd4 Bc8 44. h4 Nf7 45. Qe2 Qa8 46. Qb5 Bg4 47. Rxa4 Qc8
48. Qc6 Qxc6 49. dxc6 Kg8 50. c7 d5 51. exd5 Nd6 52. Bg3 Kf7 53. Ra8 Nc8 54. Ne6
Ne7 55. Rxf8+ 1-0

[Event "III TSz o Puchar Prezesa Fundacji na Rzecz Kultury Fizycznej i Sportu"]
[Site "Kolbuszowa"]
[Date "1899-12-30"]
[Round "4.7"]
[White "Socha, Kamil"]
[Black "Kretowicz, Piotr"]
[Result "1/2-1/2"]
[WhiteTitle "II"]
[BlackTitle "I"]
[WhiteElo "1688"]
[BlackElo "1768"]

1. e4 c5 2. c3 d5 3. exd5 Qxd5 4. Nf3 Nf6 5. d4 e6 6. Be2 Be7 7. O-O O-O 8. Be3
Nbd7 9. Nbd2 cxd4 10. Nxd4 a6 11. Bf3 Qd6 12. Re1 Nd5 13. Ne4 Qc7 14. Bg5 Ne5
15. Bxe7 Nxf3+ 16. Qxf3 Nxe7 17. Qh5 h6 18. Re3 f5 19. Nd2 e5 20. Rae1 e4 21.
Qd1 Nd5 22. Qb3 Qf7 23. R3e2 Nf4 24. Qxf7+ Rxf7 25. Re3 Bd7 26. Nc4 Nd3 27. R1e2
b5 28. Nb6 Rd8 29. Nxd7 Rdxd7 30. g3 b4 31. f3 bxc3 32. bxc3 Rc7 33. fxe4 fxe4
34. Rxe4 Rxc3 1/2-1/2

[Event "III TSz o Puchar Prezesa Fundacji na Rzecz Kultury Fizycznej i Sportu"]
[Site "Kolbuszowa"]
[Date "1899-12-30"]
[Round "4.8"]
[White "Stefanski, Adam"]
[Black "Marciniak, Leonard"]
[Result "1/2-1/2"]
[WhiteTitle "II+"]
[BlackTitle "II+"]
[WhiteElo "1459"]
[BlackElo "1740"]

1. c4 f5 2. Nc3 Nf6 3. g3 e6 4. Bg2 d5 5. d4 c6 6. c5 Be7 7. Nf3 O-O 8. O-O Nbd7
9. Bf4 h6 10. Ne5 Kh7 11. f3 g5 12. Nxd7 Nxd7 13. Bc1 e5 14. b4 exd4 15. Qxd4
Bf6 16. Qd2 Ne5 17. Rb1 Be6 18. Qc2 Kg7 19. Rd1 Qd7 20. e4 d4 21. f4 gxf4 22.
gxf4 Ng6 23. e5 Be7 24. Ne2 Nh4 25. Nxd4 Qc8 26. Nxe6+ Qxe6 27. Rb3 Kh7 28. Rg3
Rg8 29. Rdd3 Nxg2 30. Qxg2 Rxg3 31. hxg3 Rd8 32. Qd2 Rxd3 33. Qxd3 h5 34. Qe2
Kg6 35. Qd2 Qc4 36. a3 Qe4 37. Qe3 Qc4 38. Qd2 1/2-1/2

[Event "III TSz o Puchar Prezesa Fundacji na Rzecz Kultury Fizycznej i Sportu"]
[Site "Kolbuszowa"]
[Date "1899-12-30"]
[Round "4.10"]
[White "Sobich, Stanislaw"]
[Black "Kusiak, Mateusz"]
[Result "1-0"]
[WhiteTitle "I"]
[BlackTitle "II"]
[WhiteElo "1705"]
[BlackElo "1472"]

1. e4 c5 2. Nf3 Nc6 3. b3 d6 4. d4 cxd4 5. Nxd4 Nf6 6. Nxc6 bxc6 7. Bd3 g6 8. O-O
Bg7 9. Bb2 O-O 10. Nd2 c5 11. Qe2 Bb7 12. Rad1 a6 13. Rfe1 Qd7 14. Nc4 Qc7 15.
Bc3 Rfe8 16. Na5 Nxe4 17. Bxg7 Qxa5 18. Bxe4 Bxe4 19. Bh6 Bc6 20. c4 Qc3 21. Rd3
Qf6 22. Qd2 Ra7 23. Qa5 Rb8 24. h3 e5 25. Red1 Rd7 26. Qxa6 e4 27. R3d2 Bb7 28.
Qb5 Qd8 29. Bf4 Bd5 30. Qxd7 Qxd7 31. Rxd5 Qa7 32. Bxd6 Rc8 33. R1d2 Qa5 34. Be5
Re8 35. Bf6 Qb6 36. Rd6 Qa5 37. Rd8 Kf8 38. Kf1 Qb6 39. Rxe8+ Kxe8 40. Rd8+ Qxd8
41. Bxd8 Kxd8 42. Ke2 f5 43. Ke3 g5 44. f3 exf3 45. Kxf3 h6 46. a3 Kc7 47. b4
Kc6 48. Ke3 Kb6 49. Kd3 Kc6 50. bxc5 Kxc5 51. a4 h5 52. a5 h4 53. Ke3 g4 54. Kf4
gxh3 55. gxh3 Kc6 56. Kxf5 Kb7 57. c5 Ka6 58. c6 Ka7 59. Ke6 1-0

[Event "III TSz o Puchar Prezesa Fundacji na Rzecz Kultury Fizycznej i Sportu"]
[Site "Kolbuszowa"]
[Date "1899-12-30"]
[Round "4.11"]
[White "Fic, Wieslaw"]
[Black "Starzec, Patrycja"]
[Result "1-0"]
[WhiteTitle "I+"]
[BlackTitle "II+"]
[WhiteElo "1798"]
[BlackElo "1237"]

1. Nf3 d5 2. g3 c5 3. Bg2 Nc6 4. O-O Nf6 5. d3 e6 6. Nbd2 Bd6 7. c3 O-O 8. Qe1
d4 9. Nc4 Bc7 10. a4 a5 11. Bf4 Re8 12. Nfe5 Nd5 13. Nxc6 bxc6 14. Bxc7 Qxc7 15.
e4 dxe3 16. fxe3 Nb6 17. Nd2 Rb8 18. Qf2 Re7 19. Rfc1 Nd7 20. b3 Ne5 21. Bf1 Rd7
22. d4 cxd4 23. exd4 Ng4 24. Qe2 Nf6 25. Rab1 c5 26. Nf3 Bb7 27. Bg2 Be4 28. Ne5
Bxb1 29. Nxd7 Qxd7 30. Rxb1 cxd4 31. Qe5 Rd8 32. Rd1 d3 33. Qxa5 Ng4 34. Rd2 h6
35. Be4 f5 36. Rxd3 Qxd3 37. Bxd3 Rxd3 38. Qb5 Rxc3 39. Qe8+ Kh7 40. Qxe6 Rc1+
41. Kg2 Rc2+ 42. Kf1 Nxh2+ 43. Ke1 Nf3+ 44. Kd1 Rc5 45. b4 Re5 46. Qd6 Re1+ 47.
Kc2 Re2+ 48. Kc3 Re3+ 49. Kc4 Re4+ 50. Kc5 Ng5 51. a5 Re3 52. Kb6 Re6 53. Qxe6
Nxe6 54. a6 1-0

[Event "III TSz o Puchar Prezesa Fundacji na Rzecz Kultury Fizycznej i Sportu"]
[Site "Kolbuszowa"]
[Date "1899-12-30"]
[Round "4.15"]
[White "Mazurek, Maja"]
[Black "Tomkowicz, Kamil"]
[Result "1/2-1/2"]
[WhiteTitle "I"]
[BlackTitle "II"]
[WhiteElo "1231"]
[BlackElo "1402"]

1. d4 d5 2. Bg5 h6 3. Bh4 g5 4. Bg3 Bg7 5. e3 Nf6 6. Bd3 c5 7. c3 c4 8. Bc2 Nc6
9. h3 O-O 10. Nd2 b5 11. a3 Re8 12. Ngf3 Nd7 13. h4 e5 14. hxg5 hxg5 15. dxe5
Ndxe5 16. Qe2 Qf6 17. O-O-O Bf5 18. Nxe5 Bxc2 19. Kxc2 Nxe5 20. Bxe5 Qxe5 21.
Nf3 Qf5+ 22. Kc1 a5 23. Qc2 Qxc2+ 24. Kxc2 g4 25. Nh2 g3 26. fxg3 Rxe3 27. Nf3
b4 28. Rhe1 Rae8 29. axb4 axb4 30. cxb4 Rxe1 31. Rxe1 Rb8 32. Rd1 Rxb4 33. Rxd5
Rxb2+ 34. Kc1 Rxg2 35. Rd1 1/2-1/2

[Event "III TSz o Puchar Prezesa Fundacji na Rzecz Kultury Fizycznej i Sportu"]
[Site "Kolbuszowa"]
[Date "1899-12-30"]
[Round "4.16"]
[White "Labedz, Dawid"]
[Black "Nowakowski, Jacek"]
[Result "1-0"]
[WhiteTitle "II"]
[BlackTitle "I"]
[WhiteElo "1395"]
[BlackElo "1674"]

1. e4 c5 2. Nf3 d6 3. d4 cxd4 4. Nxd4 e5 5. Nb5 a6 6. N5a3 h6 7. c4 Nf6 8. Nc3
Nc6 9. Nc2 Be7 10. Ne3 Be6 11. f3 O-O 12. Ned5 Bxd5 13. Nxd5 Nxd5 14. Qxd5 Nd4
15. Bd3 Bh4+ 16. g3 Be7 17. O-O Qc7 18. Be3 Ne6 19. Be2 Qc6 20. Rac1 Rac8 21.
Rfd1 Nc7 22. Qxc6 bxc6 23. f4 f6 24. Bb6 c5 25. Bg4 Na8 26. Be6+ Kh7 27. Bxc8
Nxb6 28. Bxa6 Ra8 29. Bb7 Rxa2 30. b3 exf4 31. gxf4 g5 32. f5 Ra7 33. Bd5 Nd7
34. Ra1 Rc7 35. Ra8 Ne5 36. Rda1 Kg7 37. R1a7 Rxa7 38. Rxa7 Kf8 39. Ra8+ Kg7 40.
Rg8+ Kh7 41. Re8 1-0

[Event "III TSz o Puchar Prezesa Fundacji na Rzecz Kultury Fizycznej i Sportu"]
[Site "Kolbuszowa"]
[Date "1899-12-30"]
[Round "5.1"]
[White "Mika, Tomasz"]
[Black "Pulik, Krzysztof"]
[Result "1/2-1/2"]
[WhiteTitle "I++"]
[BlackTitle "k"]
[WhiteElo "2184"]
[BlackElo "2128"]

1. d4 d5 2. Bf4 c5 3. c3 Nc6 4. e3 Nf6 5. Nd2 Bf5 6. Ngf3 e6 7. Be2 Bd6 8. Bg3
h6 9. O-O O-O 10. Re1 Qe7 11. Nf1 Ne4 12. Bxd6 Qxd6 13. Ng3 Nxg3 14. hxg3 Rac8
15. Qd2 Rc7 16. Bd3 Bxd3 17. Qxd3 c4 18. Qe2 f5 19. Qd3 Rfc8 20. Qd1 1/2-1/2

[Event "III TSz o Puchar Prezesa Fundacji na Rzecz Kultury Fizycznej i Sportu"]
[Site "Kolbuszowa"]
[Date "1899-12-30"]
[Round "5.2"]
[White "Babiarz, Arkadiusz"]
[Black "Polok, Rafal"]
[Result "0-1"]
[WhiteTitle "I++"]
[BlackTitle "I++"]
[WhiteElo "1837"]
[BlackElo "2075"]

1. e4 e6 2. d4 d5 3. exd5 exd5 4. Nf3 Bg4 5. h3 Bh5 6. Be2 Bd6 7. Be3 Nc6 8. O-O
Nge7 9. Nbd2 Qd7 10. c4 dxc4 11. Nxc4 Nd5 12. Nxd6+ Qxd6 13. Qd2 O-O 14. Rac1
f5 15. Qd3 Rae8 16. Rfe1 Kh8 17. Ng5 Bg6 18. Bd2 f4 19. Qc4 Nb6 20. Qc5 Qxd4 21.
Qxd4 Nxd4 22. Bg4 Nd5 23. Rxe8 Rxe8 24. Rc4 Ne2+ 25. Bxe2 Rxe2 26. Rd4 c6 27.
Kf1 Re8 28. Bxf4 Nxf4 29. Rxf4 h6 30. Nf7+ Kg8 31. Nd6 Re7 32. Rf3 Rd7 33. Nf5
Bxf5 34. Rxf5 Rd2 35. Re5 Rxb2 36. Re7 a5 37. a4 b5 38. Ra7 Ra2 39. Ra6 Rxa4 40.
Rxc6 Ra2 41. Rb6 b4 42. g3 Kf7 43. Kg2 Ra3 44. g4 b3 45. Kf3 b2+ 46. Ke2 Ra2 47.
Kd3 a4 48. Kc2 a3 49. f4 Ra1 50. Rb3 Rc1+ 0-1

[Event "III TSz o Puchar Prezesa Fundacji na Rzecz Kultury Fizycznej i Sportu"]
[Site "Kolbuszowa"]
[Date "1899-12-30"]
[Round "5.3"]
[White "Gawor, Jan Pawel"]
[Black "Bojczewski, Rafal"]
[Result "0-1"]
[WhiteTitle "I+"]
[BlackTitle "I+"]
[WhiteElo "1920"]
[BlackElo "1768"]

1. e4 e5 2. Nf3 Nc6 3. Bc4 Nf6 4. d4 exd4 5. O-O Nxe4 6. Re1 d5 7. Bxd5 Qxd5 8.
Nc3 Qa5 9. Nxe4 Be6 10. Neg5 O-O-O 11. Nxe6 fxe6 12. Rxe6 Bd6 13. Bg5 Rde8 14.
Qe2 Be5 15. Rxe8+ Rxe8 16. Bf4 Re7 17. Nxe5 Nxe5 18. b4 Qd5 19. Qh5 Qe4 20. Qh3+
Kb8 21. Bg5 Re8 22. Qg3 Qxc2 23. Bf4 Nd3 24. Bxc7+ Ka8 25. h3 Nc1 26. Qxg7 d3
27. Qxh7 Rc8 28. Kh2 Qxc7+ 29. Qxc7 Rxc7 30. Rb1 d2 31. Rb3 d1=Q 32. Rg3 Qd6 33.
Kh1 Rc8 0-1

[Event "III TSz o Puchar Prezesa Fundacji na Rzecz Kultury Fizycznej i Sportu"]
[Site "Kolbuszowa"]
[Date "1899-12-30"]
[Round "5.4"]
[White "Meers, Hubert"]
[Black "Wiejaczka, Bartlomiej"]
[Result "1-0"]
[WhiteTitle "I+"]
[BlackTitle "I"]
[WhiteElo "1910"]
[BlackElo "2022"]

1. Nf3 Nf6 2. g3 g6 3. Bg2 Bg7 4. O-O O-O 5. d3 d6 6. e4 e5 7. Nbd2 Nc6 8. Nc4
Be6 9. Qe2 Nh5 10. Bg5 f6 11. Bd2 Qd7 12. Ne3 Rae8 13. c3 Ne7 14. Nh4 d5 15. exd5
Nxd5 16. Nxd5 Bxd5 17. Bxd5+ Qxd5 18. Qe4 Rd8 19. Be3 f5 20. Qc4 f4 21. Bxa7 f3
22. Be3 Kh8 23. Qxd5 Rxd5 24. g4 Nf4 25. Nxf3 Nxd3 26. Ng5 Nxb2 27. Ne6 Rf7 28.
Rab1 Nc4 29. Rxb7 h6 30. Rxc7 Rxc7 31. Nxc7 Nxe3 32. fxe3 Rc5 33. Ne6 Rxc3 34.
Rf7 Rc1+ 35. Kf2 Rc6 36. Nxg7 Kg8 37. Rd7 Rc2+ 38. Kg3 Rxa2 39. Ne6 g5 40. Nc5
Re2 41. e4 Re3+ 42. Kf2 Rh3 43. Kg2 Rc3 44. Rd5 Rc2+ 45. Kg3 Rc3+ 46. Nd3 Kf7
47. Kg2 Rc2+ 48. Kg1 Kf6 49. Rd6+ Kg7 50. Nxe5 Re2 51. Rd4 Kf6 52. Nf3 1-0